000 00611nam a2200181Ia 4500
008 100920s9999 xx 000 0 und d
082 _b77877
_a51 थ 99
100 _aनाडकर्णी सुरेशचंद्र, देव लता.
245 _aबेगम अख्तर.
260 _bमानसन्मान प्रकाशन, पुणे 4.
_c1999
300 _a114
_bसाधी
365 _b150
520 _aचरित्र.
630 _aबेगम अख्तर.
650 _aचरित्र.
730 _aबेगम अख्तर.
942 _cBOOK
999 _c719116
_d719113